Score 0/30 Timer 07:00
1 Play Today
Hint Answer % Correct
Easyguacamole
88.9%
EasyChevrolet
84%
Easytadpole
83%
Easyoriole
80.1%
EasyNapoléon
76.9%
Easycoleslaw
73.8%
Easyadolescent
69.5%
Easyviolet
69.2%
EasyCreole
67.6%
Mediumnarcolepsy
65.5%
EasySeminole
62%
Mediumcholesterol
58.5%
Mediumlinoleum
55.5%
Mediummaypole
54.1%
MediumAnne Boleyn
54.1%
Hint Answer % Correct
Mediumhyperbole
53.4%
MediumToledo
49.4%
Mediumcholera
48.5%
MediumBob Dole
47%
Mediummolecule
45.2%
Hardproletariat
34.1%
Hardpolenta
32.2%
Hardgolem
29.2%
HardBoléro
27.6%
HardColeridge
22.8%
HardPtolemy
21.9%
Hardwhole (number)
19.6%
Hardolestra
19.1%
Hardvacuole
14.8%
HardRobert Walpole
12.6%
Remove Ads.
Support Sporcle.
Get the best of Sporcle when you Go Orange. This ad-free experience offers more features, more stats, and more fun while also helping to support Sporcle. Thank you for becoming a member.

You're not logged in!

Compare scores with friends on all Sporcle quizzes.
OR
Log In

Show Comments

Extras

Top Quizzes Today


Score Distribution

Your Account Isn't Verified!

In order to create a playlist on Sporcle, you need to verify the email address you used during registration. Go to your Sporcle Settings to finish the process.

Report this User

Report this user for behavior that violates our Community Guidelines.

Details: